000 00664nam a22002177a 4500
005 20170124110148.0
010 _aA-813103
020 _c85.00
_a8125608264
035 _aA-813103
037 _bCen Lib/Ret
040 _aDPL
_bEN
082 _a628
_bGUP
100 _aGupta, A. P.
_994004
245 _aTata's mini refresher engineering environment and society /
_cby A. P. Gupta
260 _aDelhi
_bTata Publishers
_c1995
270 _a1/5544, Govind Marg, Shivaji Park, Shahdara
_bDelhi
_e110032
300 _a472p.
_c20cm(Hb)
650 _aEngineering environment
_994005
650 _aEngineering
_97671
942 _2ddc
_cEN
_h628
_mGUP
999 _c132135
_d132135